| 000 | 03322nam a2200373 4500 | ||
|---|---|---|---|
| 001 | OTLid0000484 | ||
| 003 | MnU | ||
| 005 | 20201105133334.0 | ||
| 006 | m o d s | ||
| 008 | 180907s2017 mnu o 0 0 spa d | ||
| 020 | _a9781365628658 | ||
| 040 |
_aMnU _beng _cMnU |
||
| 050 | 4 | _aPE1408 | |
| 100 | 1 |
_aSanders, Robert _eauthor |
|
| 245 | 0 | 0 |
_aLeyendas y arquetipos del Romanticismo español _cRobert Sanders |
| 250 | _aSegunda edición | ||
| 264 | 2 | _bOpen Textbook Library | |
| 264 | 1 | _bPortland State University Library | |
| 300 | _a1 online resource | ||
| 490 | 0 | _aOpen textbook library. | |
| 505 | 0 | _aPrefacePrólogoJosé Cadalso -- Noches lúgubres (1789-90) -- Ángel de Saavedra -- Una antigualla de Sevilla (1841) -- Fernán Caballero -- La Hija del Sol (1849) -- José de Espronceda -- El verdugo (1835) -- La canción del pirata (1835) -- El reo de muerte (1837) -- Libertad. Igualdad. Fraternidad. (1836) -- El estudiante de Salamanca (1837-1840) -- José Zorrilla -- Don Juan Tenorio (1844) -- Gustavo Adolfo Bécquer -- La Cruz del Diablo (1860) -- El Monte de las ánimas (1861) -- Los ojos verdes (1861) -- El miserere (1862) -- Josefa Ugarte Barrientos -- El sacristán de Albaicín (1874) -- Julia de Asensi -- El Encubierto (1883) -- Ramón del Valle-Inclán -- Rosarito (1894) | |
| 520 | 0 | _aLeyendas y arquetipos del Romanticismo español is an introduction to nineteenth-century Spanish literature with a thematic focus on legends and archetypes. It presents Romanticism in the context of nineteenth-century literary and social movements. It is designed as a first anthology for intermediate Spanish students at American universities. Although brief, it includes poetry, drama in verse and short story. The works have been selected for their literary interest and the social importance of their themes. They are all by canonical authors. New for the Second Edition: over 4000 vocabulary, historical and cultural annotations to facilitate reading and comprehension. The Prologue and chapter introductions use circumlocution to facilitate comprehension, and include concrete examples of the concepts presented. The author biographies are brief and should not be used as study materials, but rather as starting points for students' own exploration. Many students prefer following their own interests when researching author biographies, and the internet makes accessible a plethora of bibliographic resources, such as the Biblioteca Virtual Miguel de Cervantes, the Centro Virtual Cervantes of the Cervantes Institute, or the Biblioteca Digital Hispánica of the Spanish National Library. Student participation in the selection of topics and sources emphasizes the investigative process and leads to richer class discussions. | |
| 542 | 1 | _fAttribution-NonCommercial-ShareAlike | |
| 546 | _aIn Spanish. | ||
| 588 | 0 | _aDescription based on online resource | |
| 650 | 0 |
_aHumanities _vTextbooks |
|
| 650 | 0 |
_aRhetoric _vTextbooks |
|
| 710 | 2 |
_aOpen Textbook Library _edistributor |
|
| 856 | 4 | 0 |
_uhttps://open.umn.edu/opentextbooks/textbooks/484 _zAccess online version |
| 999 |
_c19867 _d19867 |
||